| 000 | 00852cab a2200253 4500 | ||
|---|---|---|---|
| 001 | ABS53047 | ||
| 008 | 090401t1995 xxu||||| |||| 00| 0 eng d | ||
| 035 | _a(Sirsi) u1560 | ||
| 041 | _aeng | ||
| 100 | _aMynors, C. | ||
| 245 | _aM`learned friend | ||
| 260 | _c1995 | ||
| 350 | _a0 | ||
| 490 |
_aContext _v(46) June 1995, 32-33(2) |
||
| 520 | _aConsiders the arrangements under the General Permitted Development Order 1995 (SI 1995:418), whereby local authorities can approve Article 4 directions, specifically in conservation areas and for listed buildings. Provides information on the procedure. | ||
| 650 | _aARTICLE 4 DIRECTIONS | ||
| 650 | _aCONSERVATION AREAS | ||
| 650 | _aLISTED BUILDINGS | ||
| 650 | _aPERMITTED DEVELOPMENT | ||
| 690 | _aCONSERVATION | ||
| 690 | _aPLANNING LAW AND PRACTICE | ||
| 942 | _n0 | ||
| 948 | _c04/03/1997 | ||
| 999 |
_c879 _d879 |
||